01724nam a2200445 i 450000100060000000300080000600500170001400600190003100700150005000800410006502000180010602000270012403500230015103500240017403500250019803500210022304000310024405000260027508000210030108200190032210000320034124501360037326400360050930000250054533600310057033700330060133800430063449000280067758801280070559001640083365000310099765000400102865500270106870000300109570000180112579700190114383000370116285600620119999900170126157584FlNmELB20241216232935.0m o d | cr cnu||||||||131226s2008 sp o 000 0 spa d z9788496467842 a9788415817321 (e-book) a(MiAaPQ)EBC3215457 a(Au-PeEL)EBL3215457 a(CaPaEBR)ebr10779511 a(OCoLC)991963480 aFINmELBbspaerdacFINmELB 4aPN1991.3.S7bZ36 2008 a654.19(460)(091)0 a384.5409462231 aZaragoza Fernández, Luis.10aRadio Pirenaica :bla voz de la esperanza antifranquista /cLuis Zaragoza Fernández ; prólogo de Á. Bahamonde y A. Pizarroso. 1aMadrid :bMarcial Pons,c[2008] a1 recurso en línea atextobtxt2rdacontent/spa acomputadorabc2rdamedia/spa arecurso en líneabcr2rdacarrier/spa1 aHistoria (Marcial Pons) aDescripción basada en recurso en línea; Título de la página del título en PDF (e-libro, visto December 26, 2013). aRecurso electrónico. Santa Fe, Arg.: e-libro, 2015. Disponible vía World Wide Web. El acceso puede estar limitado para las bibliotecas afiliadas a e-libro. 4aRadiozEspañaxHistoria. 0aRadio broadcastingzSpainxHistory. 4aLibros electrónicos.1 aBahamonde Magro, Ángel.1 aPizarroso, A.2 ae-libro, Corp. 0aEstudios (Marcial Pons Historia)40uhttps://elibro.net/ereader/politecnicointernacional/42858 c57584d57584